000
00279nam a22001217a 4500
082
_a
574
_b
RAT/B
100
_a
Dr.V.S.RATHORE
245
_a
FULLMARKS BIOLOGY
_b
CLASS XII
260
_a
DELHI
_b
FULLMARKS PVT LTD
300
_a
412
650
_a
BIOLOGY FOR CLASS XII
_z
INDIA
942
_c
BK
999
_c
719
_d
719